| 000 -LEADER |
| fixed length control field |
01502nam a22001577a 4500 |
| 008 - FIXED-LENGTH DATA ELEMENTS--GENERAL INFORMATION |
| fixed length control field |
210109b ||||| |||| 00| 0 eng d |
| 100 ## - MAIN ENTRY--PERSONAL NAME |
| Personal name |
Warsen, Rianne et al |
| 245 ## - TITLE STATEMENT |
| Title |
How do professionals perceives the governance of public - private partnership? Evidence from Canada, the Netherlands and Denmark |
| 260 ## - PUBLICATION, DISTRIBUTION, ETC. (IMPRINT) |
| Place of publication, distribution, etc |
Public Administration |
| 300 ## - PHYSICAL DESCRIPTION |
| Extent |
98(1), 2020: p.124-139 |
| 520 ## - SUMMARY, ETC. |
| Summary, etc |
In public–private partnerships (PPPs), the collaboration between public and private actors can be complicated. With partners coming from different institutional backgrounds and with different interests, governing these partnerships is important to ensure the projects' progress. There is, however, little knowledge about the perceptions of professionals regarding the governance of PPPs. This study aims to exlore professionals' viewpoints about governing PPPs, and to explain potential differences using four theoretical governance paradigms. Using Q methodology, the preferences of 119 public and private professionals in Canada, the Netherlands and Denmark are explored. Results show four different viewpoints regarding the governance of PPPs. Experience, country and the public–private distinction seem to influence these viewpoints. Knowledge of these differences can inform efforts to govern PPPs and contribute to more successful partnerships.- Reproduced |
| 650 ## - SUBJECT ADDED ENTRY--TOPICAL TERM |
| Topical term or geographic name as entry element |
PPPs |
| 9 (RLIN) |
23609 |
| 773 ## - HOST ITEM ENTRY |
| Main entry heading |
Public Administration |
| 906 ## - LOCAL DATA ELEMENT F, LDF (RLIN) |
| Subject DIP |
PUBLIC PRIVATE PARTNERSHIP - CANADA |
| 942 ## - ADDED ENTRY ELEMENTS (KOHA) |
| Item type |
Articles |